Nanoindentation
| Main Author: | |
|---|---|
| Published: |
New York:
Springer,
2002.
|
| Subjects: |
| LEADER | 00470cam a2200157 7i4500 | ||
|---|---|---|---|
| 001 | 0000044085 | ||
| 005 | 20050612090000.0 | ||
| 020 | # | 0 | |a 0387953949 |
| 090 | 0 | 0 | |a TA 418.7 |b F529 |
| 100 | 1 | # | |a Fischer-Cripps |
| 245 | 1 | 0 | |a Nanoindentation |c Anthony C. Fischer-Cripps. |
| 260 | # | # | |a New York: |b Springer, |c 2002. |
| 300 | # | # | |a xx, 197 p.: |b ill.; |c 25 cm.. |
| 650 | 0 | 0 | |a Nanotechnology |
| 650 | 0 | 0 | |a Surfaces (Technology) -- |x Testing |
| 999 | |a 1100033410 |b Book |c Open Shelf |e KOLEKSI TERBUKA | ||


